SUDDEN DEATH - Minecraft Food - Statistiken

Allgemein
  • Dieses Quiz wurde 3.942 mal gespielt
    2.841 seit der letzten Aktualisierung
  • Das Durchschnittsergebnis liegt bei 4 aus 11
Answers on the Grid
Answers color-coded by a green-red scale on the quiz's grid according to % correct below.
Spider Eye
Rotten Flesh
Cooked Mutton
Kelp
Cookie
Dried Kelp
Golden Potato
Golden Apple
Golden Melon
Golden Melon Slice
Bamboo
Sweet Berry
Glowberry
Blueberry
Pufferfish
Tropical Fish
Cooked Tropical Fish
Squid
Ocelot
Rabbit Stew
Pork Stew
 
Antwortstatistiken
Antwort % Korrekt
Rotten Flesh
74%
Spider Eye
57%
Cookie
55%
Cooked Mutton
51%
Golden Apple
47%
Dried Kelp
32%
Sweet Berry
29%
Rabbit Stew
27%
Glowberry
24%
Pufferfish
24%
Tropical Fish
22%
Keine übereinstimmenden Quizze gefunden
Verteilung der Resultate
Anzahl Personen mit jedem Resultat
Perzentil nach korrekt beantworteten Fragen
Ihre Resultats-Entwicklung
Sie haben dieses Quiz seit der letzten Aktualisierung nicht gespielt